Регионална библиотека "Любен Каравелов" - Русе

Читанка (Запис номер 452556)

MARC детайли
000 -Лидер
Контролно поле с фиксирана дължина nam a22 a 4500
003 - Код на организацията, давaща контролен номер
Контролно поле BLK
005 - Дата и час на последна редакция
Контролно поле 20221208031210.0
008 - Елементи от данни с фиксирана дължина
fixed length control field 200311b bul|||||r ||||||| ||bul||
040 ## - Източник на каталожния запис
Идентификатор на билиотеката - собственик на записа BLK
041 ## - Код за език
Код за езика на текст/звукозапис или на отделно заглавие Български
Код за езика КДБФ Български
080 ## - УДК
Текстов определител УДК Възпитание на деца с увредени сетива и душевно болни
УДК код - определител по УДК 376.3/.4
УДК определител (075.2)
УДК - код + определител 376.3/.4(075.2)
139 ## - Редно поле
Редна дума Читанка
245 10 - Сведения за заглавието
Заглавие Читанка
Подзаглавни данни За II кл. на помощните у-ща
Редно поле (дума) Ив. Коларова; П. Денева; Ел. Найденова; Йорд. Стоянов
250 ## - Област на изданието
Сведения за изданието 6. изд
257 ## - Страна на издаване
Страна на създаване/издаване България
260 ## - Област на издателските данни
Място на издаване, разпространение и проч. София
Име на издателя, разпространителя и проч. Нар. просв.
Година на издаване 1964
9 (RLIN) 216179
300 ## - Физическа характеристика
Страници 126 с.
Илюстрации и др. с ил.
Размери/Мащаб 25 см
380 ## - Жанр
Жанр Обществени науки
500 ## - Общи забележки
Забележка Други авт.: Ел. Найденова, Йорд. Стоянов, П. Денева. 1. изд. 1953.
650 #0 - Допълнително описание по предмет – тема
9 (RLIN) 248748
Основно описание – тема или топоним Читанка - учебници за помощни училища
653 #7 - Ключова дума – ненормативна
Ключова дума читанки
9 (RLIN) 200701
700 ## - Други автори (авторска отговорност)
Лично име Коларова, Ив.
Автороска отговорност (Описва отношението между автора и произведението) съавт.
9 (RLIN) 1445
700 ## - Други автори (авторска отговорност)
Лично име Денева, П.
Автороска отговорност (Описва отношението между автора и произведението) съавт.
9 (RLIN) 1445
700 ## - Други автори (авторска отговорност)
Лично име Найденова, Ел.
Автороска отговорност (Описва отношението между автора и произведението) съавт.
9 (RLIN) 1445
700 ## - Други автори (авторска отговорност)
Лично име Стоянов, Йорд.
Автороска отговорност (Описва отношението между автора и произведението) съавт.
9 (RLIN) 1445
852 ## - Местоположение
Форматна сигнатура Цб 30071
Фондова буква Хранилище
999 ## - СИСТЕМНИ КОНТРОЛНИ НОМЕРА
Koha biblionumber 452556
Koha biblioitemnumber 452556
942 ## - АРТИКУЛИ
Вид на библиотечния материал Книги
Скрит в OPAC Не
Периодичен библиозапис Да
944 ## - СЪЗДАВАНЕ И РЕДАКЦИЯ на ЗАПИСА
Създаване/Редакция Създаване
Дата на регистрацията/редакция 2022-04-07
Служител, извършил регистрацията/редакцията Микаела Микова-Илиева
999 ## - СИСТЕМНИ КОНТРОЛНИ НОМЕРА
Koha biblioitemnumber 358002
Наличности
Код за отписване Код за изгубен артикул Източник на класификационната схема Код за повреда Коз за рестрикции Код за отдаване Артикулен № Име на библиотеката - собственик Име на библиотеката, в която се намира в момента Статус (Текущо местоположение) Дата на вписване в системата Местоположение - отдел Цена в лева Инвентарен номер Систематично азбучна сигнатура Баркод Цена в евро Служебен тип на артикула
  Не е изгубен Universal Decimal Classification Не е повреден само за читалня ползва се в читалня 881461 Регионална библиотека "Любен Каравелов" Русе Регионална библиотека "Любен Каравелов" Русе Хранилище 2022-04-13 Хранилище 0.38 6964/64 Цб 30071 900000093832 0.19 Книги
Vip Innovations Ltd, Rousse, Bulgaria 2025